| 000 | 00434nam a22001697a 4500 | ||
|---|---|---|---|
| 005 | 20180221152841.0 | ||
| 008 | 160521b xxu||||| |||| 00| 0 eng d | ||
| 020 | _a81-203-2578-8 | ||
| 041 | _aeng | ||
| 082 |
_b3635 _a174.4 |
||
| 100 |
_aM/govind ranjan / s natrajan V.S Senthi Kumar _9905 |
||
| 245 | _aEngineering Ethics | ||
| 260 |
_aNew Delhi _bPHI, _c2004 |
||
| 300 | _a173 | ||
| 650 |
_aDIPLOMA ENGINEERING _9817 |
||
| 942 | _cBK | ||
| 999 |
_c1241 _d1241 |
||